|
|
|
|
| LEADER |
00000nam2a2200000 4500 |
| 001 |
352676 |
| 005 |
20231102010524.0 |
| 035 |
|
|
|a (RuTPU)RU\TPU\retro\9412
|
| 035 |
|
|
|a RU\TPU\retro\9411
|
| 090 |
|
|
|a 352676
|
| 100 |
|
|
|a 20200130d1972 k y0rusy50 ca
|
| 101 |
0 |
|
|a rus
|
| 102 |
|
|
|a RU
|
| 105 |
|
|
|a a z 001zy
|
| 200 |
0 |
|
|a Вып. 94 : Упругий режим фильтрации и термодинамика пласта
|f под ред. В. Н. Виноградова
|
| 210 |
|
|
|a Москва
|c Недра
|d 1972
|
| 215 |
|
|
|a 164 с.
|c ил.
|
| 320 |
|
|
|a Библиогр. в конце ст.
|
| 461 |
|
1 |
|0 (RuTPU)RU\TPU\retro\9257
|t Труды [Московского института нефтехимической и газовой промышленности]
|o [сборник]
|f Московский институт нефтехимической и газовой промышленности им. И. М. Губкина (МИНХиГП)
|v Вып. 94 : Упругий режим фильтрации и термодинамика пласта
|d 1959-
|
| 606 |
1 |
|
|a Нефтегазовые месторождения
|x Системы разработки
|x Эксплуатация
|2 stltpush
|3 (RuTPU)RU\TPU\subj\45562
|9 64757
|
| 610 |
1 |
|
|a закон Дарси
|
| 610 |
1 |
|
|a исследования
|
| 610 |
1 |
|
|a анализ
|
| 610 |
1 |
|
|a теория упругого режима
|
| 610 |
1 |
|
|a поля давлений
|
| 610 |
1 |
|
|a батареи скважин
|
| 610 |
1 |
|
|a специальные функции
|
| 610 |
1 |
|
|a нефтеводоносные пласты
|
| 610 |
1 |
|
|a режимы фильтрации
|
| 610 |
1 |
|
|a температурные поля
|
| 610 |
1 |
|
|a нефтяные пласты
|
| 610 |
1 |
|
|a теплообмен
|
| 675 |
|
|
|a 622.276
|v 3
|
| 702 |
|
1 |
|a Виноградов
|b В. Н.
|g Владимир Николаевич
|4 340
|
| 801 |
|
1 |
|a RU
|b 63413507
|c 20060206
|g PSBO
|
| 801 |
|
2 |
|a RU
|b 63413507
|c 20200221
|g PSBO
|
| 942 |
|
|
|c BK
|